LIBRARY & INFORMATION CENTRE, KCAET, TAVANUR

ONLINE PUBLIC ACCESS CATALOGUE (OPAC)

Nanomaterials nanotechnologies and design / (Record no. 15458)

MARC details
000 -LEADER
fixed length control field 00387nam a22001457a 4500
020 ## - INTERNATIONAL STANDARD BOOK NUMBER
ISBN 9789380931777
082 ## - DEWEY DECIMAL CLASSIFICATION NUMBER
Classification number 620.11
Item number ASH/NA
100 ## - MAIN ENTRY--AUTHOR NAME
Personal name Ashby ,michael F
245 ## - TITLE STATEMENT
Title Nanomaterials nanotechnologies and design /
260 ## - PUBLICATION, DISTRIBUTION, ETC. (IMPRINT)
Place of publication Amesterdam ;
Name of publisher Elsevier /
Year of publication 2009 .
300 ## - PHYSICAL DESCRIPTION
Number of Pages 525 p.
700 ## - ADDED ENTRY--PERSONAL NAME
Personal name Ferreira , paulo J
700 ## - ADDED ENTRY--PERSONAL NAME
Personal name Schodek ,daniel L
942 ## - ADDED ENTRY ELEMENTS (KOHA)
Koha item type Books
Holdings
Withdrawn status Lost status Damaged status Home library Current library Date acquired Full call number Accession Number Koha item type
      KAUAET KAUAET 21/06/2018 620.11 ASH/NA 24333 Books
free website counter